[Event "Høstturneringen 2015"]
[Site "Ås, Akershus NOR"]
[Date "2015.09.03"]
[Round "1"]
[White "Støle, Andreas"]
[Black "Bakken, Svein-Erik"]
[Result "1-0"]
[WhiteElo "1555"]
[BlackElo "1346"]
[Annotator "Andreas Støle"]
[PlyCount "81"]
[EventDate "2015.09.03"]

1. d4 d5 2. Nf3 c5 3. c3 e6 4. e3 Nc6 5. Bd3 Nf6 6. O-O Be7 {A bit more
passive move than Bd6} 7. Nbd2 {White has started out with the Colle opening,
with the mainline where Black has played c5 and Nc6. White's plan is to play
e4 and play on the kingside.} O-O 8. dxc5 (8. e4 dxe4 9. Nxe4 cxd4 {Black is a
pawn up}) (8. Qe2 {Prepares e4 push.}) 8... Bxc5 9. e4 e5 10. exd5 Nxd5 11. Ne4
Be7 12. h3 {A passive move that denies Bg4.} (12. Bc4 Nf6 13. Qe2 Bg4 14. h3
Bh5 15. Ng3 {Would have been a better approach for White, he controls the e5
pawn and have good prospects with Rd1 and Nf5.}) 12... Kh8 {Black prepares the
f5 break} (12... f5 {The immediate f5 is answered with} 13. Bc4 $1 fxe4 14.
Bxd5+) 13. Bc4 Nf6 14. Qe2 (14. Qxd8 {The Queen exchange would have favoured
White} Rxd8 (14... Bxd8 15. Nd6 Be6 16. Bxe6 fxe6 17. Nxb7) (14... Nxd8 15. Ng3
Nc6 16. Re1) 15. Nfg5) 14... Nxe4 15. Qxe4 f5 16. Qe2 Bf6 17. Rd1 Qe7 18. a4 {
[%cal Yc1a3] Starting the pawn push and prepares a possibly Ba3} Be6 19. Bxe6
Qxe6 20. Nd4 Nxd4 21. cxd4 Rad8 22. Bf4 e4 23. Qb5 {Gives up the pawn, but it
gives White some active play} Rxd4 (23... Bxd4 24. Qxb7 e3 25. fxe3 Bxe3+ 26.
Bxe3 Qxe3+ 27. Kh1 Rb8 {Could been an alternative that gives Black a sligtly
edge}) 24. Qxb7 Rxd1+ 25. Rxd1 {This rook exchange turns the position into
favouring White, suddenly all of White's pieces are in great positions. Blacks
King on h8 gives White play on the 7th and 8th rank.} Qb6 26. Qxb6 axb6 27. b3
Bc3 28. Rd7 h6 {Gives Black vital room for his king} 29. Rb7 (29. Be3 Rb8 30.
Rd5 $1 $16) 29... Bd4 30. Be3 Bxe3 31. fxe3 Rf6 32. Kf2 g6 33. b4 {Blacks king
is cut off, White starts his pawnpush on the queenside} Kg8 34. Kg3 {Provokes
g5} g5 {Now, Blacks pawns is set on the 5th rank and White can continue his
queenside push} 35. a5 bxa5 36. bxa5 Ra6 {This is actually the wrong plan for
black, he has good counterplay in} (36... f4+ 37. exf4 gxf4+ 38. Kf2 Rc6 $1 39.
Rb6 {example move for White} Rc2+ 40. Kf1 Ra2 $11 {The black rook enjoys a
position behind the a-pawn and cutting off the white king}) 37. Rb5 Kg7 38.
Rxf5 Kg6 39. Rb5 Kh5 40. Kf2 Kh4 {the Black king walks into a his own grave.}
41. Rb6 $1 {Black resigns to the threat of Rxh6# and Rxa6. A well played game
from both sides, but where both players misses some of their best endgame
chances, this proves that it is room for improvement in the endgame strategy.}
1-0

[Event "Høstturneringen 2015"]
[Site "Ås, Akershus NOR"]
[Date "2015.09.03"]
[Round "1"]
[White "Kielland-Lund, Jon"]
[Black "Thowsen, Alf Geir"]
[Result "1-0"]
[WhiteElo "1551"]
[BlackElo "1205"]
[PlyCount "89"]
[EventDate "2015.09.03"]

1. c4 e5 2. Nc3 Nf6 3. Nf3 d6 4. d4 exd4 5. Nxd4 g6 6. g3 Bg7 7. Bg2 O-O 8. O-O
Nbd7 9. Qd2 Re8 10. Rb1 Rb8 11. b3 Nc5 12. Bb2 Qe7 13. Nd5 Nxd5 14. cxd5 Ne4
15. Qc2 Nf6 16. Rbc1 Ne4 17. Qxc7 Qxc7 18. Rxc7 Nc5 19. e3 Bg4 20. Ba3 Na6 21.
Rc2 Bxd4 22. exd4 Rbd8 23. Rfc1 b5 24. Rc6 b4 25. Rxa6 bxa3 26. Rxa7 Re2 27. h3
Bf5 28. Rxa3 Rde8 29. Bf3 Rb2 30. Ra6 Bb1 31. Rxd6 Bxa2 32. Rb6 Bxb3 33. d6 Rd8
34. Bd1 Bxd1 35. Rxb2 Bf3 36. Rb6 Bd5 37. Rcb1 Kg7 38. R1b5 Be6 39. Rc5 Bxh3
40. Rc7 Be6 41. d7 Rxd7 42. Rxd7 Bxd7 43. f4 Be6 44. Kf2 Kf6 45. d5 1-0

[Event "Høstturneringen 2015"]
[Site "Ås, Akershus NOR"]
[Date "2015.09.03"]
[Round "1"]
[White "Aalmo, Alexander"]
[Black "Lea, Per"]
[Result "0-1"]
[WhiteElo "1197"]
[BlackElo "1564"]
[PlyCount "74"]
[EventDate "2015.09.03"]

1. d4 Nf6 2. Nf3 g6 3. Bg5 Bg7 4. c4 O-O 5. Nc3 h6 6. Bf4 d6 7. h3 Nbd7 8. Qd2
Kh7 9. e4 c5 10. d5 b6 11. Bd3 Ne5 12. Nxe5 dxe5 13. Be3 Ne8 14. O-O Nd6 15.
Ne2 f5 16. f3 e6 17. b4 exd5 18. cxd5 c4 19. Bc2 Bd7 20. Kh2 Rc8 21. Qe1 Nb5
22. Ba4 Nd4 23. Bd1 b5 24. Rc1 Qb6 25. Qd2 fxe4 26. f4 Qb7 27. Nc3 a6 28. Nxe4
Qxd5 29. Nc3 Qd6 30. Ne4 Qb6 31. Nc5 Qd6 32. Nxd7 Qxd7 33. Bg4 Qd5 34. Bxc8
Rxc8 35. fxe5 Bxe5+ 36. Bf4 Nf3+ 37. gxf3 Qxd2+ 0-1

[Event "Høstturneringen 2015"]
[Site "Ås, Akershus NOR"]
[Date "2015.09.03"]
[Round "1"]
[White "Furnes, Torstein"]
[Black "Alnes, Tord"]
[Result "1-0"]
[WhiteElo "1629"]
[BlackElo "1059"]
[Annotator "Furnes, Torstein"]
[PlyCount "117"]
[EventDate "2015.09.03"]

1. d4 d6 2. e4 g6 3. Nf3 Bg7 4. c4 Nf6 5. Nc3 O-O 6. Be2 Nbd7 7. O-O e5 8. Be3
h6 9. Ne1 exd4 10. Bxd4 c5 11. Be3 Ne5 12. f3 a6 13. Qd2 Kh7 14. Rd1 Ne8 15.
Nd5 (15. Bxc5 Be6 16. b3 dxc5 17. Qxd8 Rxd8 18. Rxd8 Nc6 19. Rd3 Nb4) 15... Be6
16. b3 b5 17. cxb5 axb5 18. Bxb5 Bxd5 19. exd5 f5 20. Nd3 Nxd3 21. Bxd3 Nf6 22.
Bb5 Nh5 23. a4 f4 24. Bf2 Bf6 25. Rfe1 Bh4 26. Bxh4 Qxh4 27. Re6 Qd8 28. Rde1
Qb6 29. Re7+ Kg8 30. Qc2 (30. g4 $1 {er førstevalget til Fritz 11.} Nf6 (30...
Ng7 31. Qc3 Rf7 32. Rxf7 Kxf7 33. Re7+ Kxe7 34. Qxg7+ Kd8 35. Qd7#) (30... fxg3
31. Qxh6) 31. Qc2) 30... c4+ 31. Kf1 Rf6 32. bxc4 Qd4 33. Qe2 Raf8 34. Qf2 Qd3+
35. Kg1 g5 36. Qe2 Qd4+ 37. Kh1 Ng3+ 38. hxg3 fxg3 39. Qe4 Qxe4 40. R1xe4 h5
41. Re8 g4 42. Rxf8+ Kxf8 43. f4 h4 44. Bd7 Rg6 45. Kg1 Rg7 46. Bb5 h3 47. gxh3
gxh3 48. Re3 Kf7 49. Bd7 Rh7 50. Rxg3 h2+ 51. Kh1 Kf6 52. Bc6 Kf5 53. Rg2 Kxf4
54. Rxh2 Ra7 55. Rh6 Kg3 56. Rxd6 Re7 57. Re6 Rh7+ 58. Kg1 Rg7 59. d6 1-0

[Event "Høstturneringen 2015"]
[Site "Ås, Akershus NOR"]
[Date "2015.09.03"]
[Round "1"]
[White "Heien, Aksel"]
[Black "Ruud, Kjetil"]
[Result "0-1"]
[WhiteElo "924"]
[BlackElo "1387"]
[PlyCount "50"]
[EventDate "2015.09.03"]

1. e4 c6 2. d4 d5 3. Nc3 dxe4 4. Nxe4 Bf5 5. Ng3 Bg6 6. Nf3 Nd7 7. h4 h6 8. Bd3
Bxd3 9. Qxd3 e6 10. Be3 Ngf6 11. O-O-O Nd5 12. c3 Qa5 13. Kb1 g6 14. Ne5 Nxe5
15. dxe5 O-O-O 16. Ka1 Be7 17. h5 g5 18. Ne2 Nf4 19. Qc2 Nxg2 20. Qe4 Nxe3 21.
Qxe3 Rd5 22. Rxd5 Qxd5 23. Re1 Rd8 24. Qd4 f5 25. Rf1 Qg2 0-1

[Event "Høstturneringen 2015"]
[Site "Ås, Akershus NOR"]
[Date "2015.09.03"]
[Round "1"]
[White "Moberg, Jan Rune"]
[Black "Moholt, Knut Erik"]
[Result "1-0"]
[WhiteElo "1512"]
[BlackElo "1413"]
[PlyCount "69"]
[EventDate "2015.09.03"]

1. d4 d5 2. c4 c6 3. Nf3 Nf6 4. Nc3 g6 5. Bf4 Bg7 6. e3 O-O 7. Qc2 Bf5 8. Bd3
Bxd3 9. Qxd3 Re8 10. O-O b6 11. Rac1 Nbd7 12. cxd5 cxd5 13. Nb5 e5 14. Nxe5 Re6
15. Nc7 Nxe5 16. dxe5 Ne4 17. Nxa8 Qxa8 18. f3 Nc5 19. Qc3 a5 20. a3 Re8 21. b4
axb4 22. axb4 Ne6 23. Bg3 Rd8 24. f4 d4 25. exd4 Nxd4 26. Rf2 Qa4 27. Bh4 Rd7
28. Rd2 Nb3 29. Qc8+ Bf8 30. Rxd7 Nxc1 31. Be7 Ne2+ 32. Kf2 h5 33. Qxf8+ Kh7
34. Bf6 Qxd7 35. Qg7# 1-0

[Event "Høstturneringen 2015"]
[Site "Ås, Akershus NOR"]
[Date "2015.09.03"]
[Round "1"]
[White "Samset, Jon"]
[Black "Brenden, Torbjørn"]
[Result "0-1"]
[WhiteElo "1113"]
[BlackElo "1414"]
[Annotator "Brenden,Torbjørn"]
[PlyCount "78"]
[EventDate "2015.09.03"]

1. c4 {Engelsk åpning} Nf6 2. Nc3 e6 3. e4 d6 $2 {alt for passivt. Hvit får nå
et sterkt angrep} 4. d4 Be7 5. Nf3 O-O 6. Bd3 c5 {[%eval 71,0] Svart prøver
c5-bruddet, men hvit har en enkel angrepsplan.} 7. d5 exd5 8. exd5 Bg4 9. O-O
Nbd7 10. Bf4 a6 {[%eval 88,0] Forhindrer Sb5 med dobbelttrussel mot d6} 11. Qc2
{?! +0.20 Hvit tilbyr en dobbeltbonde for initiativ} Bxf3 12. gxf3 Ne5 {[%eval
17,0] Svart prøver desperat å bytte vekk springeren.} 13. Be4 $4 ({Fritz 11:} 
13. Bxe5 dxe5 14. Rae1 Bd6 15. Ne4 Nxe4 16. fxe4 Qh4 17. Kh1 f5 18. Rg1 f4 19.
f3 Rf6 20. Qd2 Qh5 21. Rg4 Rg6 22. Rxg6 Qxg6 23. Rg1 {[%eval 13,18]}) 13...
Nxc4 {[%eval -93,0] Her tar svart en stor sjanse og ignorer hvits angrepsplan.
Fritz vurderer det til det sterkeste trekket.} 14. Kh1 Ne5 15. Rg1 Ng6 {[%eval
-113,0] Tre trekke etter hverandre med samme brikke er sjelden bra, men dette
forsvaret viser seg å motstå hvits innkommende storm.} 16. Be3 b5 $2 ({Fritz
11:} 16... Nxe4 17. fxe4 Qd7 18. Rae1 f5 19. Bg5 Bxg5 20. Rxg5 Rae8 21. Qd2
fxe4 22. Nxe4 Nf4 23. f3 c4 24. Qd4 Nd3 25. Reg1 {[%eval -147,13]}) 17. Rg3 Re8
18. Rag1 Bf8 $4 ({Fritz 11:} 18... Nxe4 19. fxe4 Qd7 20. Ne2 Bf6 21. Bg5 Bxg5
22. Rxg5 Re7 23. R5g3 h6 24. Rg4 Rae8 25. f3 Kh8 26. Nf4 Nxf4 27. Rxf4 Re5 28.
Rh4 {[%eval -117,16]}) 19. Bg5 b4 20. Ne2 Qe7 21. h4 Qe5 22. Bxf6 Qxf6 23. h5
$4 {[%eval -184,0] Tapstrekket. Overser svart sitt forsvar} Qh4+ 24. Kg2 Qxh5
25. Rh1 Qe5 26. Rgh3 h6 {[%eval -188,0] Godt forsvarstrekk. Fremtvinger
dronningbytte og vunnet sluttspill.} 27. Bxg6 fxg6 28. Qxg6 Qg5+ 29. Qxg5 hxg5
30. Ng3 Re5 31. Rh8+ Kf7 32. R1h7 Rae8 33. Nh5 c4 {Hvits angrep er ufarlig og
c-bonden lar seg vanskelig stanse.} 34. f4 gxf4 35. Nxf4 c3 36. bxc3 bxc3 37.
Kf3 c2 38. Kg4 c1=Q 39. Nd3 Qg5+ {Oppgitt Fritz 11:} (39... Qg5+ 40. Kh3 Re1
41. Nxe1 Rxe1 42. Rxf8+ Kxf8 43. Kh2 Rg1 44. Rxg7 Qxg7) 0-1

[Event "Høstturneringen 2015"]
[Site "Ås, Akershus NOR"]
[Date "2015.09.03"]
[Round "1"]
[White "Simonsen, Steinar"]
[Black "Sandvik, Sander"]
[Result "0-1"]
[WhiteElo "1227"]
[BlackElo "917"]
[Annotator "Sandvik, Sander"]
[PlyCount "84"]
[EventDate "2015.09.03"]

1. c4 c5 2. Nc3 Nc6 3. Nf3 Nf6 4. g3 g6 5. Bg2 Bg7 6. d4 d5 7. dxc5 d4 (7...
dxc4 8. Qxd8+ Nxd8 9. O-O) 8. Nb5 e5 $2 9. Nd6+ Ke7 10. Ng5 Qa5+ 11. Bd2 Qxc5
12. Ngxf7 Rf8 13. Nxc8+ Raxc8 14. Ng5 h6 15. Ne4 Nxe4 (15... Qxc4) 16. Bxe4 d3
17. e3 (17. O-O) 17... Qxc4 18. Bxg6 e4 19. O-O Ne5 20. Bh5 Qc2 {Var vel under
5 minutter igjen på klokken min her.} (20... Kd8) 21. Bb4+ Ke6 22. Bxf8 Rxf8
23. Qxc2 dxc2 24. Rac1 Rc8 25. f4 exf3 26. Bxf3 {Jeg trodde noe slikt som
dette skulle dukke opp på brettet:} (26. Rf2 Kf5 (26... Nd3 27. Bg4+ Kf6 28.
Bxc8 Nxc1 29. Rxc2 Nxa2 30. Bxb7 Nb4 31. Rc7 Nd3 32. Bxf3 Nxb2) 27. Rcxc2 Rxc2
28. Rxc2 Ke4 29. Rc7 Bf8 30. Rxb7 Bc5 31. Kf1 Bxe3 32. Rb8) 26... Nxf3+ 27.
Rxf3 Bxb2 28. Rff1 Bxc1 29. Rxc1 Ke5 30. Kf1 Ke4 31. Ke2 h5 32. Kd2 Kf3 33.
Rxc2 Rxc2+ 34. Kxc2 Kxe3 {Her var vi vel begge under halvannet minutt.} 35. Kc3
(35. h3 Kf3 36. g4 hxg4 37. hxg4 Kxg4 38. Kc3 Kf5 39. Kd4 Ke6 40. Kc5 a5 41. a4
Ke5 42. Kb6 Kd4 43. Kxa5 Kc5 {Stalemate}) 35... Kf2 36. Kd3 Kg2 37. Ke3 Kxh2
38. Kf3 b5 (38... Kh3 39. a4 b6 40. Kf4 a6 41. Kf3 b5) 39. a3 (39. g4 hxg4+ 40.
Kxg4 b4 (40... a5 41. Kf3 b4 42. Ke4 a4 43. Kd3 b3 44. axb3 axb3 45. Kc3 b2 46.
Kxb2 {Insufficient material}) 41. Kf3 a5 42. Ke4 a4 43. Kd4 b3 44. axb3 axb3
45. Kc3 b2 46. Kxb2 {Insufficient material}) 39... a5 40. g4 hxg4+ 41. Kxg4 b4
42. axb4 axb4 0-1

[Event "Høstturneringen 2015"]
[Site "Ås, Akershus NOR"]
[Date "2015.09.04"]
[Round "1"]
[White "Rønbeck, Bjørn"]
[Black "Olsen, Trygve"]
[Result "0-1"]
[WhiteElo "1148"]
[BlackElo "1296"]
[PlyCount "103"]
[EventDate "2015.09.03"]

1. d4 c5 2. d5 d6 3. e4 Nd7 4. Bg5 Ngf6 5. Bb5 a6 6. Bxf6 exf6 7. Bxd7+ Bxd7 8.
Nd2 Qa5 9. b3 Rc8 10. c4 b5 11. Ne2 g6 12. O-O Bg7 13. Qc2 f5 14. Rab1 O-O 15.
Ng3 fxe4 16. Ngxe4 Bf5 17. h3 h5 18. f3 Qd8 19. g4 hxg4 20. fxg4 Bd4+ 21. Kg2
Bxe4+ 22. Nxe4 Rc7 23. Nd2 Qh4 24. Nf3 Qf6 25. Nd2 Qg7 26. Ne4 Be5 27. Rbe1 Qh6
28. Rf3 Qh4 29. Ref1 Kg7 30. Qd2 f6 31. Qa5 Rcf7 32. Qxa6 f5 33. Nxd6 Rf6 34.
Qa7+ Kh6 35. Qxc5 Bxd6 36. Qe3+ f4 37. Qd4 bxc4 38. bxc4 Qg5 39. Kh1 Be5 40.
Qf2 Kg7 41. Rg1 Rh8 42. c5 Rf7 43. c6 Bb8 44. Rd1 Rd8 45. Rfd3 Bd6 46. a4 Rh8
47. Qf3 Re8 48. Qf2 Re3 49. a5 Bc5 50. Qc2 Qh4 51. Kh2 Qxh3+ 52. Kg1 0-1

[Event "Høstturneringen 2015"]
[Site "Ås, Akershus NOR"]
[Date "2015.09.10"]
[Round "2"]
[White "Naasen, Nils"]
[Black "Støle, Andreas"]
[Result "0-1"]
[WhiteElo "1314"]
[BlackElo "1555"]
[Annotator "Støle, Andreas"]
[PlyCount "82"]
[EventDate "2015.09.03"]

1. d4 Nf6 2. c4 e6 3. Nf3 b6 4. g3 Bb7 5. Bg2 Bb4+ 6. Bd2 Be7 {The idea is
that White's bishop is misplaced on d2, compared to on c1.} 7. Nc3 O-O 8. O-O
c5 9. e3 {Passive move that blocks Whites bishop on d2} (9. d5 exd5 10. Nh4 {
Looks good for White}) 9... d5 10. cxd5 Nxd5 11. a3 cxd4 {Black's plan is to
trade of light-squared bishops or to give White and isolated pawn on d4.} 12.
Nxd4 (12. exd4 {[%csl Yd4]}) 12... Nxc3 13. Bxc3 Bxg2 14. Kxg2 Qd5+ 15. Qf3
Qxf3+ 16. Kxf3 {[%csl Yc6][%cal Gb2b4,Gb4b5,Gf1d1,Gd1d7] After the exchanges
we are left with this position. White has an active king and a lead in
development with connected rooks, but his dark-squared bishop is lacking a
good position, all of his pawns are on dark squares! A good plan for White
could be to get his knight to c6 with support of the queensidepawns} Rc8 {
Black has to cover c6 before he can develope his knight} 17. Rac1 Nd7 (17...
Nc6 18. Nxc6 Rxc6 {Getting closer to a draw}) 18. Rfd1 Ne5+ 19. Ke2 Nc4 20. Nf3
{Preparing Rd7 and Ne5} b5 21. Ne5 (21. Rd7 Bf8 (21... Kf8 $2 22. Bxg7+ $1) 22.
Ng5 Nd6) 21... Nxa3 22. Ba5 (22. bxa3 Bxa3 23. Rc2 b4 $1) (22. Rd7 $1 {White's
best answer} Bf6 23. Nxf7 b4 24. Nd6 bxc3 25. bxa3 {A mess that leaves White
with a better pawn structure, but black has a bishop vs a knight}) 22... Bf6
23. bxa3 Bxe5 24. Rxc8+ {Trading rooks} Rxc8 25. Rd8+ $2 {A poor rookexchange
that costs White the game} (25. Rd7 Ra8 26. Rb7 a6 {White is a pawn down, but
got excellent draw chances}) 25... Rxd8 26. Bxd8 Bd6 $1 {A move that White
missed, this leaves White with two pawns down and a very hard endgame} 27. a4
bxa4 28. Ba5 Be5 29. Bb4 Bb2 30. Kd2 a3 {[%csl Ga3,Ga7,Gb2] Binds White's King
to the queenside, even if he trades of bishops for the pawn on a3 Blacks pawn
on a7 will give Black time to snatch up Whites kingside pawns} 31. Kc2 h5 32.
Kb3 Kh7 33. e4 f5 34. exf5 exf5 35. Bd2 Kg6 36. Be3 a6 37. h4 Kf6 38. f3 Ke5
39. Bf2 Kd5 40. Be3 Bd4 41. Bf4 Be5 {White resigns.} 0-1

[Event "Høstturneringen 2015"]
[Site "Ås, Akershus NOR"]
[Date "2015.09.10"]
[Round "2"]
[White "Andersen, Odd"]
[Black "Fuglseth, Jan"]
[Result "0-1"]
[WhiteElo "1633"]
[BlackElo "1479"]
[Annotator "Jan Fuglseth"]
[PlyCount "80"]
[EventDate "2015.09.03"]

1. d4 Nf6 2. Nf3 d6 3. c4 Nbd7 4. Bf4 {Sort hadde forventet Sc3 som er bedre
for hvit.} g6 5. Nc3 Bg7 6. Qd2 {Det ligger tjukt uttapå at hvit vil fjerne
den sorte løperen med Lh6. Bortkastet tid mener sort og setter pris på at
kongen samtidig vil bevege seg mot midten av brettet. Denne gangen viser det
seg å bli svært nyttig. Følg med.} O-O 7. Bh6 e5 8. Bxg7 Kxg7 9. dxe5 Nxe5 10.
Nxe5 dxe5 $11 {Stillingen er utlignet} 11. Qxd8 {Den var ikke forventet og
Fritz griner på nesen} Rxd8 $15 12. g3 c6 {Reduserer trusselen etter Lg2 og
tar også bort handlingsrom for springeren på c3} 13. e3 {Sorts hvitfelt løper
må ut for å aktiveres og kan velge og vrake mellom e6, f5 og g4. Han velger g4
for å trykke på d1} Bg4 14. Be2 {Ok, ok. Da hindrer vi rokade i stedet.} Bh3
15. Rd1 Rxd1+ 16. Bxd1 Rd8 17. f3 {Hvit vil forsøke å sperre løperen inne på
h3. Han er avslørt!} h5 18. Rg1 Be6 19. Be2 Nd7 20. Kf2 {Etter Se4 hadde hvits
troppeforflytning vært mindre vellykket} Nc5 21. Rd1 Rxd1 22. Nxd1 e4 23. fxe4
Nxe4+ 24. Ke1 {En konge bør lede sine tropper. Fremad marsj!} Kf6 25. b3 Ke5
26. Bf3 (26. Nf2 Nc3) 26... Bf5 27. a3 a5 28. b4 $15 a4 29. c5 $11 Be6 30. Nb2
Bb3 31. Nd3+ Kf5 32. Bxe4+ $2 $15 {Begynnelsen på slutten. Sf4 hadde gjort
susen og lik stilling} Kxe4 33. Kd2 g5 $17 {For å hindre Sf4} 34. Nf2+ $2 $19
Kf3 35. Ke1 {Det beste trekket} Kxe3 36. h3 f5 37. g4 hxg4 38. hxg4 f4 39. Nh3
f3 40. Nf2 Be6 {og hvit ga labb.} 0-1

[Event "Høstturneringen 2015"]
[Site "Ås, Akershus NOR"]
[Date "2015.09.10"]
[Round "2"]
[White "Lea, Per"]
[Black "Moberg, Jan Rune"]
[Result "0-1"]
[WhiteElo "1564"]
[BlackElo "1512"]
[Annotator "Lea, Per"]
[PlyCount "62"]
[EventDate "2015.09.03"]

1. e4 e5 2. Nf3 Nc6 3. Bc4 Be7 4. O-O d6 5. h3 Nf6 6. Nc3 O-O 7. d4 a6 8. a4
Bd7 9. Bg5 exd4 10. Nxd4 Ne5 11. Bb3 h6 12. Bh4 c5 13. Nf3 Ng6 14. Bxf6 gxf6
15. Qd2 Kh7 16. Nd5 Ne5 17. Nxe5 fxe5 18. Nxe7 Qxe7 19. Rfd1 Rg8 20. Qxd6 Rxg2+
{Sjanserikt - men ukorrekt! Allikevel fint at modige spillere får sin
belønning...)} 21. Kxg2 Qg5+ 22. Kh1 (22. Kf1 Bxh3+ 23. Ke1 Bg4 24. Rd3 Qf4 25.
Bd5 {og angrepet stopper opp}) 22... Bxh3 23. Rg1 Bg4 24. Rxg4 (24. Rg3 {I
ettertid viste det seg at alternativet jeg lenge vurderte, holdt:} Bf3+ 25.
Rxf3 Qh5+ 26. Kg2 Rg8+ {og her hadde jeg helt oversett det enkle} 27. Rg3 {
(men ikke alltid like lett å se 3-4 trekk i forveien, spesielt ikke med en
gryende tidsnød i bakhodet)}) 24... Qh5+ 25. Kg1 Qxg4+ 26. Kf1 Qh3+ 27. Ke2
Qh5+ 28. Kd2 Qg5+ 29. Kc3 $4 Rd8 $1 30. Qxc5 $4 Qd2+ 31. Kc4 Rd4+ 0-1

[Event "Høstturneringen 2015"]
[Site "Ås, Akershus NOR"]
[Date "2015.09.10"]
[Round "2"]
[White "Ruud, Kjetil"]
[Black "Petersen, Rune J"]
[Result "1-0"]
[WhiteElo "1387"]
[BlackElo "857"]
[PlyCount "69"]
[EventDate "2015.09.03"]

1. e4 d6 2. d4 e6 3. Bd3 Nf6 4. Ne2 Nc6 5. c3 Be7 6. O-O O-O 7. f4 e5 8. d5 Na5
9. b4 c5 10. bxa5 Qxa5 11. c4 a6 12. a4 b5 13. cxb5 axb5 14. Bxb5 Nxe4 15. Qd3
f5 16. fxe5 dxe5 17. Nbc3 Qb6 18. Be3 Nxc3 19. Nxc3 f4 20. Bf2 f3 21. Rfd1 fxg2
22. d6 Rxf2 23. dxe7 Rf1+ 24. Kxg2 Bb7+ 25. Kxf1 Qf6+ 26. Ke2 Qxe7 27. Bc4+ Kh8
28. Qd7 Bf3+ 29. Kxf3 Qf6+ 30. Ke2 e4 31. Nxe4 Qh4 32. Qd5 Qxh2+ 33. Kd3 Rb8
34. Rab1 Qh3+ 35. Kc2 1-0

[Event "Høstturneringen 2015"]
[Site "Ås, Akershus NOR"]
[Date "2015.09.24"]
[Round "2"]
[White "Olsen, Trygve"]
[Black "Furnes, Torstein"]
[Result "1-0"]
[WhiteElo "1296"]
[BlackElo "1629"]
[Annotator "Furnes, Torstein"]
[PlyCount "95"]
[EventDate "2015.09.03"]

1. f4 d5 2. d4 Nf6 3. Nf3 Bf5 4. e3 e6 5. Be2 Ne4 6. O-O Nd7 7. Nbd2 Ndf6 8.
Nxe4 Nxe4 9. c3 c6 10. Ne5 Bg6 11. Bg4 Bd6 12. f5 $6 $17 {Dette er nok en
liten unøyaktighet. Etter avbyttene får hvit svake bønder i e-linjen.} exf5 13.
Bxf5 Bxe5 14. dxe5 Qg5 15. Qg4 Qxg4 16. Bxg4 Ke7 17. a4 h5 18. Bd1 Ke6 19. c4
dxc4 20. Be2 b5 21. axb5 cxb5 22. b3 Nc3 $2 $11 ({Etter 22.-Sc3? er svarts
fordel forduftet. Fritz vil heller gi tilbake merbonden med} 22... a5 $1 23.
bxc4 b4 $17 {og svarts to sammenhengende fribønder kan fort bli ubehagelige.})
23. Bf3 $6 $17 ({Fritz foretrekker} 23. Ra6+ Kxe5 24. Bb2 b4 25. Bxc4) 23...
Be4 $2 $14 ({Førstevalget til Fritz er å ofre kvalitet for å få farlige bønder
på dronningfløyen:} 23... a5 $1 24. Bxa8 Rxa8 25. bxc4 b4 $17) 24. bxc4 $15 (
24. Ra6+ $14) 24... bxc4 $2 $14 ({Det er mye bedre å spille} 24... b4 $15 {
Svarts bønder blir farligere når de er sammenhengende.}) 25. Ra6+ Kd5 26. Bb2
Bxf3 27. gxf3 $11 ({Det var nok bedre å spille} 27. Bxc3 Be4 28. Rxf7) 27...
Nb5 28. e4+ Kc5 29. Bc1 Nc7 $2 $14 ({Bedre er} 29... c3 $15) 30. Be3+ Kb4 $4
$18 {Dette er et tapstrekk.} 31. Rd6 ({Hvit vinner etter} 31. Rb1+ Kc3 32. Ra3+
Kc2 33. Rb4 c3 34. Bd4) 31... Rhd8 32. Rfd1 Ne6 33. f4 c3 34. f5 Rxd6 35. exd6
Nd8 36. e5 c2 37. Re1 Kc4 38. Bg5 Kd5 ({Svart vinner etter} 38... f6 $1 $19 39.
exf6 gxf6 40. Bxf6 Nf7 41. Rc1 Kd3) 39. Bc1 $6 $19 ({Fritz vil spille} 39. d7
a5 40. Kf2 a4 41. h4 a3 42. Bxd8 Rxd8 43. e6 c1=Q 44. Rxc1 fxe6 45. fxe6 Kxe6
46. Ra1 Rxd7 47. Rxa3 {med remisaktig stilling.}) 39... a5 $2 ({Vinsttrekket er
} 39... Nc6 40. Bf4 Nd4 41. Kf2 Nxf5) 40. Re2 Rc8 41. Kf1 a4 42. Re1 $2 $19 Nc6
$2 $14 ({Vinsttrekket er} 42... Rc3 $1 {F.eks.} 43. Ke2 Rh3 44. d7 Kxe5 45.
Kd2+ Kd6 46. Kxc2 Rxh2+ 47. Kc3 Kxd7 $19) 43. d7 Rb8 44. e6 fxe6 45. fxe6 Ne7
$4 $18 {Tapstrekket. Både Td8, Tf8 og g5 er spillbart med hvit fordel på litt
over 1.} 46. Ba3 Nf5 47. e7 Nxe7 48. Bxe7 1-0

[Event "Høstturneringen 2015"]
[Site "Ås, Akershus NOR"]
[Date "2015.09.10"]
[Round "2"]
[White "Sandvik, Sander"]
[Black "Garmark, Vegard"]
[Result "1/2-1/2"]
[WhiteElo "917"]
[BlackElo "1226"]
[PlyCount "47"]
[EventDate "2015.09.03"]

1. e4 d5 2. exd5 e6 3. dxe6 Bxe6 4. d4 c5 5. Bb5+ Nd7 6. d5 Bf5 7. Qe2+ Qe7 8.
c4 Ngf6 9. Nc3 a6 10. Qxe7+ Bxe7 11. Bxd7+ Nxd7 12. Nf3 Bf6 13. Bd2 O-O 14. O-O
Bd3 15. Rfe1 Bxc4 16. Re3 Rfe8 17. Rae1 Kf8 18. b3 Bxc3 19. Rxe8+ Rxe8 20.
Rxe8+ Kxe8 21. bxc4 Bxd2 22. Nxd2 Ke7 23. Kf1 b5 24. cxb5 {Resten av trekkene
mangler. Partiet ble remis etter 54 trekk.} 1/2-1/2